[Event "IMP Mezczyzn do lat 20"]
[Site "Chotowa"]
[Date "2023.10.31"]
[Round "8.6"]
[White "Janeczko, Jakub"]
[Black "Zielonka, Adam"]
[Result "1-0"]
[BlackElo "2059"]
[WhiteElo "2280"]
[LiveChessVersion "1.4.8"]

1. e4 {[%clk 1:30:01]} e5 {[%clk 1:30:53]} 2. Bc4 {[%clk 1:30:27]} Nf6
{[%clk 1:30:26]} 3. d3 {[%clk 1:30:47]} Bc5 {[%clk 1:29:31]} 4. Nc3
{[%clk 1:25:02]} Nc6 {[%clk 1:26:32]} 5. Nf3 {[%clk 1:18:44]} d6 {[%clk 1:19:45]}
6. Ne2 {[%clk 1:11:04]} Bg4 {[%clk 1:08:18]} 7. c3 {[%clk 1:05:02]} Bxf3
{[%clk 0:58:46]} 8. gxf3 {[%clk 1:05:30]} Qd7 {[%clk 0:58:44]} 9. b4
{[%clk 0:56:57]} Bb6 {[%clk 0:59:00]} 10. Ng3 {[%clk 0:53:19]} d5
{[%clk 0:55:15]} 11. Bb3 {[%clk 0:48:44]} d4 {[%clk 0:47:00]} 12. b5
{[%clk 0:47:25]} Ne7 {[%clk 0:45:54]} 13. c4 {[%clk 0:46:58]} Ba5+
{[%clk 0:45:31]} 14. Ke2 {[%clk 0:41:09]} Bc3 {[%clk 0:42:47]} 15. Rb1
{[%clk 0:40:59]} Qd6 {[%clk 0:43:08]} 16. h4 {[%clk 0:40:25]} Nd7
{[%clk 0:40:21]} 17. f4 {[%clk 0:33:52]} O-O-O {[%clk 0:37:14]} 18. fxe5
{[%clk 0:33:28]} Nxe5 {[%clk 0:37:31]} 19. Kf1 {[%clk 0:31:12]} f5 20. f4
{[%clk 0:28:36]} Nd7 {[%clk 0:22:49]} 21. e5 {[%clk 0:27:37]} Qb6
{[%clk 0:20:52]} 22. Qf3 {[%clk 0:25:25]} g6 {[%clk 0:19:10]} 23. Ne2
{[%clk 0:20:17]} Bb4 {[%clk 0:17:01]} 24. Bb2 {[%clk 0:18:53]} Bc5
{[%clk 0:15:54]} 25. a4 {[%clk 0:18:40]} Nf8 {[%clk 0:15:01]} 26. Nc1
{[%clk 0:17:02]} Qe6 {[%clk 0:08:54]} 27. a5 {[%clk 0:14:32]} c6 {[%clk 0:04:54]}
28. Ba2 {[%clk 0:14:17]} Bb4 {[%clk 0:02:29]} 29. a6 {[%clk 0:13:57]} bxa6
{[%clk 0:01:19]} 30. Nb3 {[%clk 0:13:15]} c5 {[%clk 0:01:19]} 31. Qa8+
{[%clk 0:12:10]} Kd7 {[%clk 0:01:48]} 32. Qxa7+ {[%clk 0:12:21]} Ke8
{[%clk 0:02:17]} 33. Nxc5 {[%clk 0:12:21]} Bxc5 {[%clk 0:02:13]} 34. Qxc5
{[%clk 0:12:50]} axb5 {[%clk 0:02:25]} 35. Bxd4 {[%clk 0:11:26]} Kf7
{[%clk 0:02:27]} 36. Rh2 {[%clk 0:10:52]} Qd7 {[%clk 0:01:30]} 37. cxb5+
{[%clk 0:10:49]} Ne6 {[%clk 0:01:59]} 38. Qd6 {[%clk 0:07:27]} Qc8
{[%clk 0:02:02]} 39. Re1 {[%clk 0:03:38]} Rhe8 {[%clk 0:00:50]} 40. Rhe2
{[%clk 0:32:29]} Ng8 {[%clk 0:30:46]} 41. Qb6 {[%clk 0:15:12]} Kg7
{[%clk 0:24:37]} 42. Be3 {[%clk 0:08:58]} Rxd3 {[%clk 0:19:20]} 43. Qa6
{[%clk 0:09:21]} Qd7 {[%clk 0:18:28]} 44. b6 {[%clk 0:08:18]} Ne7
{[%clk 0:13:45]} 45. Bxe6 {[%clk 0:08:03]} 1-0

[Event "IMP Mezczyzn do lat 20"]
[Site "Chotowa"]
[Date "2023.10.31"]
[Round "8.7"]
[White "Stachowicz, Hubert"]
[Black "Meers, Hubert"]
[Result "0-1"]
[BlackElo "2256"]
[WhiteElo "1583"]
[LiveChessVersion "1.4.8"]

1. d4 {[%clk 1:30:59]} Nf6 {[%clk 1:30:57]} 2. c4 {[%clk 1:31:26]} e6
{[%clk 1:30:57]} 3. Nc3 {[%clk 1:31:51]} Bb4 4. Qc2 {[%clk 1:32:14]} c5
{[%clk 1:31:36]} 5. dxc5 {[%clk 1:32:38]} Bxc5 {[%clk 1:30:43]} 6. e3
{[%clk 1:32:48]} O-O {[%clk 1:31:07]} 7. Nf3 {[%clk 1:32:59]} Nc6
{[%clk 1:28:34]} 8. a3 {[%clk 1:32:54]} a5 {[%clk 1:25:42]} 9. b3
{[%clk 1:28:25]} d5 {[%clk 1:24:40]} 10. cxd5 {[%clk 1:17:19]} exd5
{[%clk 1:25:03]} 11. Bd3 {[%clk 1:13:11]} Bg4 {[%clk 1:20:58]} 12. Bb2
{[%clk 0:48:05]} Bxf3 {[%clk 1:06:21]} 13. gxf3 {[%clk 0:48:25]} Qe7
{[%clk 1:06:37]} 14. Rg1 {[%clk 0:41:01]} d4 {[%clk 1:06:57]} 15. Ne4
{[%clk 0:33:44]} Nxe4 16. Bxe4 {[%clk 0:33:57]} g6 {[%clk 1:06:51]} 17. Kf1
{[%clk 0:15:34]} Rac8 {[%clk 1:00:13]} 18. h4 {[%clk 0:13:08]} Ne5 19. h5
{[%clk 0:04:56]} Qe6 {[%clk 0:40:24]} 20. Bf5 {[%clk 0:03:30]} Qa6+
{[%clk 0:40:42]} 21. Kg2 {[%clk 0:03:11]} gxf5 {[%clk 0:35:56]} 22. Kh1+
{[%clk 0:03:29]} Kh8 {[%clk 0:35:28]} 23. exd4 Bxd4 {[%clk 0:31:29]} 24. Qd2
{[%clk 0:01:58]} Bxb2 {[%clk 0:31:52]} 25. Qxb2 {[%clk 0:02:25]} Qf6
{[%clk 0:31:11]} 26. Rae1 {[%clk 0:01:35]} Qh4+ {[%clk 0:31:26]} 27. Kg2
{[%clk 0:01:58]} Rg8+ {[%clk 0:31:55]} 28. Kf1 {[%clk 0:02:17]} Qh3+
{[%clk 0:32:22]} 29. Ke2 {[%clk 0:02:34]} Qxf3+ {[%clk 0:32:49]} 30. Kf1
{[%clk 0:02:35]} Rxg1+ {[%clk 0:33:13]} 31. Kxg1 {[%clk 0:02:56]} Rg8+
{[%clk 0:33:41]} 32. Kh2 {[%clk 0:03:13]} Qg2# {[%clk 0:34:09]} 0-1

[Event "IMP Mezczyzn do lat 20"]
[Site "Chotowa"]
[Date "2023.10.31"]
[Round "8.8"]
[White "Marciniak, Leonard"]
[Black "Redzisz, Michal"]
[Result "0-1"]
[BlackElo "2228"]
[WhiteElo "1856"]
[LiveChessVersion "1.4.8"]

1. e4 {[%clk 1:30:57]} c6 {[%clk 1:29:09]} 2. c4 {[%clk 1:31:09]} d5
{[%clk 1:28:58]} 3. cxd5 {[%clk 1:31:29]} cxd5 {[%clk 1:29:25]} 4. exd5
{[%clk 1:31:51]} Nf6 {[%clk 1:29:51]} 5. Nc3 {[%clk 1:32:15]} g6 {[%clk 1:26:47]}
6. Bc4 {[%clk 1:32:38]} Bg7 {[%clk 1:27:12]} 7. Qb3 {[%clk 1:32:54]} O-O
{[%clk 1:27:35]} 8. Nge2 {[%clk 1:31:04]} Nbd7 {[%clk 1:27:58]} 9. d3
{[%clk 1:21:27]} b6 {[%clk 1:22:58]} 10. O-O {[%clk 1:15:32]} Nc5
{[%clk 1:14:52]} 11. Qa3 {[%clk 1:05:39]} a5 {[%clk 0:56:24]} 12. Be3
{[%clk 1:04:17]} Ba6 {[%clk 0:34:54]} 13. Bxc5 {[%clk 1:00:34]} bxc5
{[%clk 0:35:00]} 14. Qxc5 {[%clk 0:54:29]} Rc8 {[%clk 0:34:22]} 15. Qd4
{[%clk 0:51:27]} Bb7 {[%clk 0:34:51]} 16. Qh4 {[%clk 0:44:53]} Nxd5
{[%clk 0:34:42]} 17. Rac1 {[%clk 0:41:21]} Nb6 {[%clk 0:30:49]} 18. b3
{[%clk 0:37:15]} Rc5 {[%clk 0:29:07]} 19. Ng3 {[%clk 0:29:15]} Bf6
{[%clk 0:08:34]} 20. Qg4 {[%clk 0:28:21]} Nxc4 {[%clk 0:03:58]} 21. dxc4
{[%clk 0:23:44]} h5 {[%clk 0:04:26]} 22. Qd1 {[%clk 0:21:45]} Qa8
{[%clk 0:04:40]} 23. f3 {[%clk 0:19:04]} Bxc3 {[%clk 0:03:37]} 24. Rxc3
{[%clk 0:19:32]} h4 {[%clk 0:04:05]} 25. Qd4 {[%clk 0:17:54]} Qa7
{[%clk 0:02:58]} 26. Ne2 {[%clk 0:16:29]} h3 {[%clk 0:02:59]} 27. gxh3
{[%clk 0:11:24]} Rg5+ {[%clk 0:03:08]} 28. Kf2 {[%clk 0:10:52]} Qb8
{[%clk 0:02:20]} 29. Qf4 {[%clk 0:10:09]} Re5 {[%clk 0:02:49]} 30. Ng3
{[%clk 0:06:10]} Rd8 {[%clk 0:01:13]} 31. Re1 {[%clk 0:04:35]} Qa7+
{[%clk 0:01:41]} 32. Rce3 {[%clk 0:01:58]} f6 {[%clk 0:02:02]} 33. h4
{[%clk 0:01:44]} Kh7 {[%clk 0:01:18]} 34. R1e2 {[%clk 0:00:59]} Rd4
{[%clk 0:01:36]} 35. Ne4 {[%clk 0:01:20]} Bxe4 {[%clk 0:01:59]} 36. fxe4
{[%clk 0:01:06]} Rf5 {[%clk 0:01:37]} 37. exf5 {[%clk 0:00:51]} Rxf4+
{[%clk 0:02:06]} 38. Kg3 {[%clk 0:01:15]} Qd4 {[%clk 0:02:34]} 39. Rxe7+
{[%clk 0:01:25]} Kh6 {[%clk 0:03:03]} 40. fxg6 {[%clk 0:31:09]} Rg4+
{[%clk 0:32:45]} 41. Kf3 {[%clk 0:31:22]} Qf4# {[%clk 0:33:11]} 0-1

[Event "IMP Mezczyzn do lat 20"]
[Site "Chotowa"]
[Date "2023.10.31"]
[Round "8.9"]
[White "Dziewonski, Dariusz"]
[Black "Suska, Szymon"]
[Result "1-0"]
[BlackElo "2040"]
[WhiteElo "2218"]
[LiveChessVersion "1.4.8"]

1. e4 {[%clk 1:30:18]} c6 {[%clk 1:30:35]} 2. d4 {[%clk 1:29:36]} d5
{[%clk 1:30:32]} 3. Nd2 {[%clk 1:30:01]} dxe4 {[%clk 1:29:45]} 4. Nxe4
{[%clk 1:30:27]} Nf6 {[%clk 1:28:13]} 5. Nxf6+ {[%clk 1:30:51]} exf6
{[%clk 1:28:39]} 6. c3 {[%clk 1:31:16]} Bd6 {[%clk 1:28:28]} 7. Bd3
{[%clk 1:31:39]} O-O {[%clk 1:27:40]} 8. Qc2 {[%clk 1:32:06]} g6 {[%clk 1:26:52]}
9. Ne2 {[%clk 1:29:16]} Nd7 {[%clk 1:25:09]} 10. h4 {[%clk 1:24:45]} Re8
{[%clk 1:18:53]} 11. Be3 {[%clk 1:22:12]} f5 {[%clk 1:08:20]} 12. h5
{[%clk 1:19:41]} Nf8 {[%clk 0:58:08]} 13. O-O-O {[%clk 1:17:47]} Be6
{[%clk 0:56:02]} 14. Kb1 {[%clk 1:15:50]} Bd5 {[%clk 0:52:32]} 15. Rhg1
{[%clk 1:10:12]} Qc7 {[%clk 0:44:22]} 16. hxg6 {[%clk 0:57:56]} fxg6
{[%clk 0:43:13]} 17. c4 {[%clk 0:56:39]} Be4 {[%clk 0:30:41]} 18. c5
{[%clk 0:54:26]} Bxd3 {[%clk 0:28:18]} 19. Rxd3 {[%clk 0:46:29]} Be7
{[%clk 0:28:31]} 20. Qb3+ {[%clk 0:42:57]} Kg7 {[%clk 0:20:26]} 21. Bh6+
{[%clk 0:41:03]} Kxh6 {[%clk 0:20:38]} 22. Qf7 {[%clk 0:41:20]} Qd8
{[%clk 0:19:35]} 23. Rh1+ {[%clk 0:29:34]} Bh4 {[%clk 0:19:57]} 24. g3
{[%clk 0:29:13]} g5 {[%clk 0:15:24]} 25. gxh4 {[%clk 0:28:30]} Rxe2
{[%clk 0:11:47]} 26. hxg5+ {[%clk 0:28:14]} Kxg5 {[%clk 0:12:12]} 27. Rh5+
{[%clk 0:28:22]} 1-0

[Event "IMP Mezczyzn do lat 20"]
[Site "Chotowa"]
[Date "2023.10.31"]
[Round "8.10"]
[White "Karut, Kacper"]
[Black "Zalega, Maciej"]
[Result "1/2-1/2"]
[BlackElo "2155"]
[WhiteElo "2093"]
[LiveChessVersion "1.4.8"]

1. d4 {[%clk 1:30:48]} Nf6 {[%clk 1:30:46]} 2. c4 {[%clk 1:31:10]} e6
{[%clk 1:31:14]} 3. Nc3 {[%clk 1:30:56]} Bb4 {[%clk 1:31:40]} 4. f3
{[%clk 1:29:13]} d5 {[%clk 1:30:52]} 5. a3 {[%clk 1:20:45]} Bxc3+
{[%clk 1:30:32]} 6. bxc3 {[%clk 1:21:09]} O-O {[%clk 1:30:23]} 7. Bg5
{[%clk 1:19:03]} c5 {[%clk 1:21:20]} 8. Qd2 {[%clk 1:11:26]} Nc6 {[%clk 1:06:43]}
9. e3 {[%clk 1:07:59]} b6 {[%clk 1:01:56]} 10. Nh3 {[%clk 1:03:52]} Na5
{[%clk 0:58:37]} 11. Qa2 {[%clk 1:00:11]} h6 {[%clk 0:44:03]} 12. Bh4
{[%clk 0:49:06]} Bb7 {[%clk 0:44:30]} 13. Nf2 {[%clk 0:47:22]} cxd4
{[%clk 0:42:24]} 14. cxd4 {[%clk 0:43:43]} h5 {[%clk 0:28:05]} 15. Rd1
{[%clk 0:38:45]} Rc8 16. e4 {[%clk 0:31:09]} dxe4 {[%clk 0:27:24]} 17. fxe4
{[%clk 0:29:42]} Qc7 {[%clk 0:27:52]} 18. Bxf6 {[%clk 0:25:35]} gxf6
{[%clk 0:28:20]} 19. Rc1 {[%clk 0:23:14]} Qf4 {[%clk 0:26:36]} 20. Rc3
{[%clk 0:20:09]} Bxe4 21. Nh3 Qh4+ {[%clk 0:16:25]} 22. Rg3+ {[%clk 0:17:22]} Bg6
23. Bd3 Nxc4 {[%clk 0:15:41]} 24. Qf2 {[%clk 0:12:22]} Kh7 {[%clk 0:12:37]} 25.
O-O {[%clk 0:10:06]} e5 {[%clk 0:10:00]} 26. Qxf6 {[%clk 0:02:05]} Qxf6
{[%clk 0:05:12]} 27. Rxf6 {[%clk 0:02:34]} e4 {[%clk 0:04:36]} 28. Bxe4
{[%clk 0:02:18]} Nd2 {[%clk 0:05:01]} 29. Rxf7+ {[%clk 0:01:15]} Rxf7
{[%clk 0:04:00]} 30. Bxg6+ {[%clk 0:01:42]} Kg7 {[%clk 0:04:20]} 31. Bxf7+
{[%clk 0:02:08]} Kxf7 {[%clk 0:04:48]} 32. Rd3 {[%clk 0:01:09]} Ne4
{[%clk 0:05:14]} 33. g3 {[%clk 0:00:33]} Ke6 {[%clk 0:03:43]} 34. Nf4+
{[%clk 0:00:47]} Kf5 {[%clk 0:04:09]} 35. Nxh5 {[%clk 0:00:47]} Rc1+
{[%clk 0:03:48]} 36. Kg2 {[%clk 0:00:42]} Rc2+ {[%clk 0:04:13]} 37. Kg1
{[%clk 0:00:33]} Rc1+ {[%clk 0:04:39]} 38. Kg2 {[%clk 0:01:01]} Rc2+
{[%clk 0:04:56]} 39. Kf3 {[%clk 0:00:43]} Nd2+ {[%clk 0:03:11]} 40. Ke2
{[%clk 0:30:53]} Nc4+ {[%clk 0:32:48]} 41. Kf3 {[%clk 0:29:12]} Nd2+
{[%clk 0:33:11]} 1/2-1/2

[Event "IMP Mezczyzn do lat 20"]
[Site "Chotowa"]
[Date "2023.10.31"]
[Round "8.11"]
[White "Pniaczek, Marek"]
[Black "Walaszczyk, Aleksander"]
[Result "1-0"]
[BlackElo "1731"]
[WhiteElo "2143"]
[LiveChessVersion "1.4.8"]

1. e4 {[%clk 1:30:59]} c5 {[%clk 1:30:53]} 2. Nf3 {[%clk 1:31:26]} e6
{[%clk 1:31:14]} 3. d4 {[%clk 1:29:49]} cxd4 {[%clk 1:31:40]} 4. Nxd4
{[%clk 1:30:17]} a6 {[%clk 1:32:01]} 5. g3 {[%clk 1:27:05]} d5 {[%clk 1:32:15]}
6. Nb3 {[%clk 1:26:57]} Nf6 {[%clk 1:32:28]} 7. exd5 {[%clk 1:25:26]} Qxd5
{[%clk 1:32:38]} 8. Qxd5 {[%clk 1:25:05]} Nxd5 {[%clk 1:32:53]} 9. Bg2
{[%clk 1:19:17]} Nc6 {[%clk 1:25:46]} 10. O-O {[%clk 1:17:48]} Be7
{[%clk 1:21:14]} 11. Rd1 {[%clk 1:13:57]} Nb6 {[%clk 1:13:26]} 12. Nc3
{[%clk 1:01:54]} Nc4 {[%clk 1:07:26]} 13. Nd4 {[%clk 0:55:09]} Bd7
{[%clk 1:00:53]} 14. Nxc6 {[%clk 0:55:26]} Bxc6 {[%clk 1:01:18]} 15. Bxc6+
{[%clk 0:55:52]} bxc6 {[%clk 1:01:40]} 16. Rd4 {[%clk 0:55:09]} Nd6
{[%clk 0:56:47]} 17. Na4 {[%clk 0:38:38]} f6 {[%clk 0:49:17]} 18. Be3
{[%clk 0:37:03]} Kf7 {[%clk 0:46:02]} 19. Rad1 {[%clk 0:36:16]} Rhd8
{[%clk 0:38:40]} 20. R4d3 {[%clk 0:28:05]} Nc4 {[%clk 0:34:53]} 21. Bd4
{[%clk 0:27:59]} e5 {[%clk 0:31:42]} 22. Bc3 {[%clk 0:28:08]} Rxd3
{[%clk 0:30:42]} 23. Rxd3 {[%clk 0:28:33]} Ke6 {[%clk 0:29:37]} 24. Be1
{[%clk 0:23:26]} Rb8 {[%clk 0:25:51]} 25. b3 {[%clk 0:21:49]} Na3
{[%clk 0:23:09]} 26. c4 {[%clk 0:20:42]} Nc2 {[%clk 0:22:01]} 27. Ba5
{[%clk 0:20:36]} Rb7 {[%clk 0:18:30]} 28. Rd2 {[%clk 0:17:09]} Nd4
{[%clk 0:17:38]} 29. Kg2 {[%clk 0:17:37]} Rd7 {[%clk 0:14:26]} 30. Bb6
{[%clk 0:12:00]} Nf5 {[%clk 0:12:01]} 31. Rxd7 {[%clk 0:11:54]} Kxd7
{[%clk 0:12:25]} 32. Kf3 {[%clk 0:12:13]} Ke6 {[%clk 0:05:42]} 33. Ke4
{[%clk 0:11:41]} Nd6+ {[%clk 0:05:24]} 34. Kd3 {[%clk 0:12:05]} Nb7
{[%clk 0:05:41]} 35. c5 {[%clk 0:11:38]} f5 {[%clk 0:04:14]} 36. Kc4
{[%clk 0:11:16]} g5 {[%clk 0:02:40]} 37. b4 {[%clk 0:08:13]} h5 {[%clk 0:02:53]}
38. Nc3 {[%clk 0:07:24]} e4 {[%clk 0:02:13]} 39. Ne2 {[%clk 0:07:07]} Bf6
{[%clk 0:02:17]} 40. a4 {[%clk 0:30:35]} Be5 {[%clk 0:30:44]} 41. Nd4+
{[%clk 0:15:58]} Bxd4 {[%clk 0:30:44]} 42. Kxd4 {[%clk 0:16:27]} Kf6
{[%clk 0:22:50]} 43. b5 {[%clk 0:15:38]} axb5 {[%clk 0:22:56]} 44. a5
{[%clk 0:14:33]} Nxa5 {[%clk 0:23:12]} 45. Bxa5 {[%clk 0:15:02]} g4
{[%clk 0:22:51]} 46. Bd8+ {[%clk 0:13:28]} Ke6 {[%clk 0:22:00]} 47. Bg5
{[%clk 0:12:53]} 1-0

[Event "IMP Mezczyzn do lat 20"]
[Site "Chotowa"]
[Date "2023.10.31"]
[Round "8.12"]
[White "Borowik, Wojciech"]
[Black "Pancewicz, Szymon"]
[Result "0-1"]
[BlackElo "1853"]
[WhiteElo "1902"]
[LiveChessVersion "1.4.8"]

1. d4 {[%clk 1:30:51]} Nf6 {[%clk 1:30:28]} 2. c4 {[%clk 1:31:06]} e6
{[%clk 1:30:44]} 3. Nc3 {[%clk 1:29:56]} Bb4 {[%clk 1:30:53]} 4. e3
{[%clk 1:30:01]} O-O {[%clk 1:30:57]} 5. Bd3 {[%clk 1:30:22]} d5 {[%clk 1:30:20]}
6. Nf3 {[%clk 1:30:22]} dxc4 {[%clk 1:26:14]} 7. Bxc4 {[%clk 1:30:43]} c5
{[%clk 1:25:26]} 8. a3 {[%clk 1:24:45]} Bxc3+ {[%clk 1:23:15]} 9. bxc3
{[%clk 1:25:13]} Qc7 {[%clk 1:22:44]} 10. Ba2 {[%clk 1:21:37]} Nc6
{[%clk 1:19:01]} 11. O-O {[%clk 1:19:00]} e5 {[%clk 1:11:35]} 12. d5
{[%clk 1:10:59]} Rd8 {[%clk 1:10:09]} 13. c4 {[%clk 0:58:36]} Bg4
{[%clk 1:08:06]} 14. Qc2 {[%clk 0:50:51]} Ne7 {[%clk 1:05:05]} 15. Bb2
{[%clk 0:44:57]} Ng6 {[%clk 1:01:25]} 16. Nd2 {[%clk 0:41:29]} Ne8
{[%clk 0:57:05]} 17. Rae1 {[%clk 0:31:06]} Nd6 {[%clk 0:56:05]} 18. f4
{[%clk 0:27:30]} f6 {[%clk 0:42:04]} 19. Bb1 {[%clk 0:20:58]} e4 {[%clk 0:34:52]}
20. Qb3 {[%clk 0:14:17]} Re8 {[%clk 0:33:00]} 21. a4 {[%clk 0:13:39]} h5
{[%clk 0:27:39]} 22. Bc2 {[%clk 0:11:57]} h4 {[%clk 0:26:01]} 23. Bc3
{[%clk 0:09:32]} Bf5 {[%clk 0:21:49]} 24. Rb1 {[%clk 0:07:31]} Re7
{[%clk 0:21:27]} 25. Bd1 {[%clk 0:07:22]} Nh8 {[%clk 0:19:05]} 26. Be2
{[%clk 0:06:27]} Nhf7 {[%clk 0:18:46]} 27. Qa3 {[%clk 0:04:40]} Rc8
{[%clk 0:14:19]} 28. Nb3 {[%clk 0:04:39]} Rd7 {[%clk 0:12:03]} 29. Ba5
{[%clk 0:02:58]} b6 {[%clk 0:11:52]} 30. Be1 {[%clk 0:03:19]} h3 {[%clk 0:11:34]}
31. g4 {[%clk 0:03:21]} Bg6 {[%clk 0:10:49]} 32. Bc3 {[%clk 0:02:54]} Nh6
{[%clk 0:08:43]} 33. Nd2 {[%clk 0:01:12]} Re7 {[%clk 0:06:16]} 34. Qb2
{[%clk 0:01:25]} Qd7 {[%clk 0:05:09]} 35. f5 {[%clk 0:01:18]} Bxf5
{[%clk 0:04:11]} 36. gxf5 {[%clk 0:01:02]} Ndxf5 {[%clk 0:04:39]} 37. Rf4
{[%clk 0:00:33]} Nxe3 {[%clk 0:04:00]} 38. Nxe4 {[%clk 0:00:36]} Rce8
{[%clk 0:03:29]} 39. Bf3 {[%clk 0:00:35]} Rxe4 {[%clk 0:01:11]} 40. Bxe4
{[%clk 0:30:39]} g5 {[%clk 0:30:48]} 41. Rxf6 {[%clk 0:05:07]} Qg4+
{[%clk 0:22:53]} 42. Bg2 {[%clk 0:04:33]} Nxg2 {[%clk 0:12:35]} 43. Rg6+
{[%clk 0:04:22]} Kf7 {[%clk 0:12:33]} 44. Rf6+ {[%clk 0:04:02]} Kg8
{[%clk 0:11:46]} 45. Kh1 {[%clk 0:00:55]} Nf4 {[%clk 0:08:05]} 46. Qf2
{[%clk 0:01:13]} Re2 {[%clk 0:06:43]} 47. Qg3 {[%clk 0:00:47]} Rg2
{[%clk 0:03:44]} 48. Rxf4 {[%clk 0:00:47]} gxf4 {[%clk 0:03:39]} 49. Qxg4+
{[%clk 0:00:44]} Nxg4 {[%clk 0:04:00]} 50. Be1 {[%clk 0:01:12]} Rxh2+
{[%clk 0:03:25]} 51. Kg1 {[%clk 0:01:41]} Rg2+ {[%clk 0:03:54]} 52. Kh1
{[%clk 0:02:01]} f3 {[%clk 0:01:34]} 53. Bc3 {[%clk 0:01:03]} Nf2#
{[%clk 0:01:56]} 0-1

[Event "IMP Mezczyzn do lat 20"]
[Site "Chotowa"]
[Date "2023.10.31"]
[Round "8.13"]
[White "Ugorek, Kacper"]
[Black "Stepinski, Piotr"]
[Result "1-0"]
[BlackElo "1991"]
[WhiteElo "1999"]
[LiveChessVersion "1.4.8"]

1. c4 {[%clk 1:30:59]} c5 {[%clk 1:27:47]} 2. Nc3 {[%clk 1:31:24]} Nc6
{[%clk 1:28:13]} 3. g3 {[%clk 1:31:40]} g6 {[%clk 1:28:40]} 4. Bg2
{[%clk 1:32:00]} Bg7 {[%clk 1:29:05]} 5. Nh3 {[%clk 1:32:19]} e5 {[%clk 1:26:02]}
6. d3 {[%clk 1:28:13]} d6 {[%clk 1:25:34]} 7. O-O {[%clk 1:24:51]} Nge7
{[%clk 1:25:33]} 8. Rb1 {[%clk 1:19:22]} O-O {[%clk 1:22:11]} 9. a3
{[%clk 1:18:06]} a5 {[%clk 1:21:38]} 10. f4 {[%clk 1:14:36]} h6 {[%clk 1:19:43]}
11. Nf2 {[%clk 1:13:13]} f5 {[%clk 1:19:04]} 12. Nd5 {[%clk 1:07:46]} Kh7
{[%clk 1:18:26]} 13. b3 {[%clk 1:06:54]} Rb8 {[%clk 1:17:15]} 14. Bb2
{[%clk 1:00:30]} Be6 {[%clk 1:06:15]} 15. e3 {[%clk 0:58:24]} b5 {[%clk 1:01:09]}
16. Qd2 {[%clk 0:55:45]} a4 {[%clk 0:50:22]} 17. bxa4 {[%clk 0:54:07]} bxc4
{[%clk 0:50:33]} 18. dxc4 {[%clk 0:54:07]} Na5 {[%clk 0:48:07]} 19. Qe2
{[%clk 0:50:10]} Bxd5 {[%clk 0:26:16]} 20. Bxd5 {[%clk 0:48:36]} Nxd5
{[%clk 0:24:17]} 21. cxd5 {[%clk 0:49:04]} e4 {[%clk 0:24:32]} 22. Bxg7
{[%clk 0:47:07]} Kxg7 {[%clk 0:25:00]} 23. Rb5 {[%clk 0:45:05]} Qc7
{[%clk 0:24:29]} 24. Rfb1 {[%clk 0:44:46]} Kg8 {[%clk 0:24:17]} 25. Nd1
{[%clk 0:42:57]} c4 {[%clk 0:24:10]} 26. Qc2 {[%clk 0:37:00]} Rxb5
{[%clk 0:20:00]} 27. Rxb5 {[%clk 0:35:46]} Rb8 {[%clk 0:16:16]} 28. Qc3
{[%clk 0:34:56]} Rxb5 {[%clk 0:16:11]} 29. axb5 {[%clk 0:35:24]} Nb3
{[%clk 0:16:24]} 30. Nb2 {[%clk 0:32:01]} Qc5 {[%clk 0:16:42]} 31. Nxc4
{[%clk 0:31:44]} Na5 {[%clk 0:16:47]} 32. Qxa5 {[%clk 0:31:20]} Qxc4
{[%clk 0:17:15]} 33. Qd8+ {[%clk 0:28:32]} Kf7 {[%clk 0:16:26]} 34. Qd7+
{[%clk 0:28:13]} Kg8 {[%clk 0:16:45]} 35. Qxd6 {[%clk 0:26:19]} Qc1+
{[%clk 0:17:03]} 36. Kg2 {[%clk 0:26:43]} Kh7 {[%clk 0:13:16]} 37. Qe7+
{[%clk 0:26:17]} Kg8 {[%clk 0:13:35]} 38. Qf6 {[%clk 0:25:50]} Qxe3
{[%clk 0:13:29]} 39. Qxg6+ {[%clk 0:26:14]} Kh8 {[%clk 0:13:52]} 40. Qxh6+
{[%clk 0:56:38]} Kg8 {[%clk 0:44:19]} 41. Qg6+ {[%clk 0:55:48]} Kh8
{[%clk 0:44:44]} 42. Qxf5 {[%clk 0:52:58]} Qf3+ {[%clk 0:44:21]} 43. Kh3
{[%clk 0:53:17]} e3 {[%clk 0:44:37]} 44. d6 {[%clk 0:52:59]} e2 {[%clk 0:44:39]}
45. d7 {[%clk 0:53:05]} Qf1+ {[%clk 0:44:49]} 46. Kh4 {[%clk 0:53:25]} Qd1
{[%clk 0:45:06]} 47. Qf6+ {[%clk 0:46:51]} 1-0

[Event "IMP Mezczyzn do lat 20"]
[Site "Chotowa"]
[Date "2023.10.31"]
[Round "8.14"]
[White "Mikula, Maciej"]
[Black "Zieba, Hubert"]
[Result "1/2-1/2"]
[BlackElo "1805"]
[WhiteElo "1936"]
[LiveChessVersion "1.4.8"]

1. a3 {[%clk 1:30:51]} d5 {[%clk 1:30:30]} 2. c4 {[%clk 1:30:44]} dxc4
{[%clk 1:27:20]} 3. e3 {[%clk 1:30:24]} Nf6 {[%clk 1:27:05]} 4. Bxc4
{[%clk 1:29:35]} e6 {[%clk 1:27:08]} 5. Nf3 {[%clk 1:28:41]} a6 {[%clk 1:24:08]}
6. b4 {[%clk 1:20:20]} b5 {[%clk 1:24:08]} 7. Be2 {[%clk 1:20:33]} c5
{[%clk 1:23:28]} 8. bxc5 {[%clk 1:19:49]} Bxc5 {[%clk 1:23:54]} 9. O-O
{[%clk 1:17:28]} O-O {[%clk 1:23:53]} 10. d4 {[%clk 1:17:11]} Be7
{[%clk 1:23:11]} 11. Bb2 {[%clk 1:13:41]} Nbd7 {[%clk 1:22:37]} 12. a4
{[%clk 1:11:07]} bxa4 {[%clk 1:19:48]} 13. Nc3 {[%clk 1:08:31]} Nb6
{[%clk 1:18:00]} 14. Ne5 {[%clk 1:03:46]} Bd6 {[%clk 1:09:56]} 15. Nxa4
{[%clk 0:55:08]} Bxe5 {[%clk 1:08:24]} 16. dxe5 {[%clk 0:55:01]} Nfd5
{[%clk 1:07:46]} 17. Nxb6 {[%clk 0:52:33]} Qxb6 {[%clk 1:07:46]} 18. Bd4
{[%clk 0:52:48]} Qc6 {[%clk 1:07:09]} 19. Qa4 {[%clk 0:43:54]} Qxa4
{[%clk 1:04:02]} 20. Rxa4 {[%clk 0:44:03]} f6 {[%clk 1:03:23]} 21. Rfa1
{[%clk 0:41:14]} fxe5 {[%clk 1:02:33]} 22. Bxe5 {[%clk 0:33:37]} Rf5
{[%clk 1:02:27]} 23. Bd4 {[%clk 0:33:55]} Rf7 {[%clk 0:59:24]} 24. Bxa6
{[%clk 0:32:54]} Bxa6 {[%clk 0:59:29]} 25. Rxa6 {[%clk 0:33:19]} Rxa6
{[%clk 0:59:55]} 26. Rxa6 {[%clk 0:33:44]} Re7 {[%clk 1:00:08]} 27. f4
{[%clk 0:32:29]} Rd7 {[%clk 0:58:57]} 28. g3 {[%clk 0:30:16]} Kf7
{[%clk 0:58:53]} 29. Kf2 {[%clk 0:24:09]} Rb7 {[%clk 0:56:39]} 30. Kf3
{[%clk 0:23:02]} Nf6 {[%clk 0:56:10]} 31. g4 {[%clk 0:20:15]} Nd5
{[%clk 0:55:01]} 32. h4 {[%clk 0:17:18]} Ne7 {[%clk 0:52:49]} 33. Ra8
{[%clk 0:16:02]} h5 {[%clk 0:51:04]} 34. gxh5 {[%clk 0:10:41]} Nf5
{[%clk 0:51:22]} 35. Bc5 {[%clk 0:11:08]} g6 {[%clk 0:47:16]} 36. hxg6+
{[%clk 0:09:06]} Kxg6 {[%clk 0:47:42]} 37. Ra6 {[%clk 0:09:04]} Kf6
{[%clk 0:46:05]} 38. Bd4+ {[%clk 0:05:13]} Nxd4+ {[%clk 0:46:20]} 39. exd4
{[%clk 0:05:38]} Rb5 {[%clk 0:45:22]} 40. Ke4 {[%clk 0:34:13]} Rh5
{[%clk 1:15:09]} 41. Kf3 {[%clk 0:25:09]} Rxh4 {[%clk 1:15:18]} 42. d5
{[%clk 0:25:32]} Kf5 {[%clk 1:15:41]} 43. Rxe6 {[%clk 0:25:53]} Rh3+
{[%clk 1:12:50]} 44. Ke2 {[%clk 0:22:43]} Kxf4 {[%clk 1:09:18]} 45. d6
{[%clk 0:21:39]} Rh8 {[%clk 1:08:27]} 46. d7 {[%clk 0:16:27]} Rd8
{[%clk 1:08:52]} 47. Rd6 {[%clk 0:16:44]} Ke5 {[%clk 1:09:16]} 48. Rd1
{[%clk 0:17:11]} Ke6 {[%clk 1:09:41]} 49. Rd2 {[%clk 0:17:38]} Rxd7
{[%clk 1:10:08]} 50. Rxd7 {[%clk 0:18:04]} Kxd7 {[%clk 1:10:37]} 1/2-1/2